000 00212 a2200097 4500
001 47540
100 _aGottlieb W
245 _aStudies in secret diplomacy
260 _aLondon
_bAllen
_c
090 _c30558
_d30558
942 _aNUST-CAE
_cM
_c22845
999 _c282613
_d282613